| 000 | 01607nam a2200253Ia 4500 | ||
|---|---|---|---|
| 003 | Ost | ||
| 005 | 20260507075316.0 | ||
| 008 | 260507s9999||||xx |||||||||||||| ||und|| | ||
| 020 | _a38301199579 | ||
| 040 | _cfsecg | ||
| 041 | _aara | ||
| 082 | _a519.5 | ||
| 100 |
_aرمضان، زياد _eمؤلف |
||
| 245 | 0 |
_aمبادئ الاحصاء الوصفي و التطبيقي و الحيوي / _c زياد رمضان |
|
| 250 | _aطبعة 6 | ||
| 260 |
_aعمان: _bدار وائل للنشر والتوزيع, _c2010 |
||
| 300 |
_a349 صفحة؛ _bإيضاحات ؛ _c24 سم |
||
| 504 | _aملاحق ص.331 | ||
| 520 | _aعلم الاحصاء بشكل عام، جمع المعلومات و جمع المعلومات بأسلوب العينات الاحصائية، تصنيف و عرض البيانات، التوزيعات الاحصائية، مقاييس النزعة المركزية، الوسيط ، مقاييس شبيهة بالوسيط : المئين و العشير و الربع الادنى و الاعلى، المنوال ، التشتت و مقاييسه، التشتت النسبي، القيمة المعيارية Z الارقام القياسية، مبادئ أولية في الاحتمالات، التوزيع الطبيعي المعتل أو السوي، الانحدار الخطي المستقيم و الارتباط الخطي المستقيم، السلاسل الزمنية ، الاحصاءات الحيوية | ||
| 653 | _aالإحصاء التطبيقي | ||
| 653 | _aالإحصاء الحيوي | ||
| 653 | _aالاحصاء الوصفي | ||
| 942 | _cكتاب | ||
| 999 |
_c43896 _d43896 |
||